<?xml version="1.0" encoding="UTF-8"?>
<record
    xmlns:xsi="http://www.w3.org/2001/XMLSchema-instance"
    xsi:schemaLocation="http://www.loc.gov/MARC21/slim http://www.loc.gov/standards/marcxml/schema/MARC21slim.xsd"
    xmlns="http://www.loc.gov/MARC21/slim">

  <leader>02401nam a22002657a 4500</leader>
  <controlfield tag="003">OSt</controlfield>
  <controlfield tag="005">20240712143021.0</controlfield>
  <controlfield tag="008">231219t20202019-us    er     000 f eng d</controlfield>
  <datafield tag="020" ind1=" " ind2=" ">
    <subfield code="a">0446608955</subfield>
  </datafield>
  <datafield tag="037" ind1=" " ind2=" ">
    <subfield code="3">Donaci&#xF3;n </subfield>
  </datafield>
  <datafield tag="040" ind1=" " ind2=" ">
    <subfield code="a">CO-JMCR</subfield>
    <subfield code="c">CO-JMCR</subfield>
    <subfield code="d">CO-JMCR</subfield>
    <subfield code="e">rda</subfield>
    <subfield code="b">spa</subfield>
  </datafield>
  <datafield tag="041" ind1=" " ind2=" ">
    <subfield code="a">eng</subfield>
  </datafield>
  <datafield tag="082" ind1="0" ind2="4">
    <subfield code="a">A-N</subfield>
    <subfield code="b">SPAa</subfield>
  </datafield>
  <datafield tag="100" ind1="1" ind2=" ">
    <subfield code="a">Sparks, Nicholas,</subfield>
    <subfield code="e">Autor</subfield>
    <subfield code="9">8152</subfield>
  </datafield>
  <datafield tag="245" ind1="1" ind2="0">
    <subfield code="a">A walk to remember /  </subfield>
    <subfield code="c">Nicholas Sparks.</subfield>
  </datafield>
  <datafield tag="260" ind1=" " ind2=" ">
    <subfield code="a">New York :  </subfield>
    <subfield code="b">Warner Books , </subfield>
    <subfield code="c">2000</subfield>
    <subfield code="c">&#xA9;1999</subfield>
  </datafield>
  <datafield tag="300" ind1=" " ind2=" ">
    <subfield code="a">240 p&#xE1;ginas ;</subfield>
    <subfield code="c">17 cm. </subfield>
  </datafield>
  <datafield tag="520" ind1="3" ind2=" ">
    <subfield code="a">"There was a time when the world was sweeter..... when the women in Beaufort, North Carolina, wore dresses and the men wore hats..... Every April, when the wind smells both of the sea and of lilacs, Landon Carter remembers 1958, his senior year at Beaufort High. Landon had dated a girl or two, and even once swore he was in love. Certainly, the last person he thought he would fall in love with was Jamie, the shy, almost ethereal daughter of the town's Baptist pastor.... Jamie, who was destined to show him the depths of the human heart, and the joy and pain of living. The inspiration for this novel came from Nicholas Sparks' sister: her life and her courage. From international bestselling author Nicholas Sparks, comes his most moving story yet."</subfield>
    <subfield code="b">"Hubo un tiempo en que el mundo era m&#xE1;s dulce... cuando las mujeres en Beaufort, Carolina del Norte, usaban vestidos y los hombres sombreros... Cada abril, cuando el viento huele tanto a mar como a lilas, Landon Carter recuerda 1958, su &#xFA;ltimo a&#xF1;o en Beaufort High. Landon hab&#xED;a salido con una chica o dos, e incluso una vez jur&#xF3; que estaba enamorado. Ciertamente, la &#xFA;ltima persona de la que pens&#xF3; que se enamorar&#xED;a fue Jamie, la t&#xED;mida y casi et&#xE9;rea hija del pastor bautista del pueblo... Jamie, que estaba destinada a mostrarle las profundidades del coraz&#xF3;n humano, y la alegr&#xED;a y el dolor de viviendo. La inspiraci&#xF3;n para esta novela provino de la hermana de Nicholas Sparks: su vida y su coraje. Del autor de bestsellers internacionales Nicholas Sparks, llega su historia m&#xE1;s conmovedora hasta el momento".</subfield>
  </datafield>
  <datafield tag="521" ind1=" " ind2=" ">
    <subfield code="a">J&#xF3;venes de 16 a 18 a&#xF1;os</subfield>
  </datafield>
  <datafield tag="546" ind1=" " ind2=" ">
    <subfield code="a">Texto en ingl&#xE9;s</subfield>
  </datafield>
  <datafield tag="650" ind1="1" ind2="4">
    <subfield code="2">JMCR</subfield>
    <subfield code="a">Novela estadounidense</subfield>
    <subfield code="y">Siglo xx</subfield>
    <subfield code="9">6991</subfield>
  </datafield>
  <datafield tag="650" ind1="2" ind2="4">
    <subfield code="2">JMCR</subfield>
    <subfield code="a">Adolescentes en la literatura</subfield>
    <subfield code="x">Literatura </subfield>
    <subfield code="9">43099</subfield>
  </datafield>
  <datafield tag="650" ind1="3" ind2="4">
    <subfield code="2">JMCR</subfield>
    <subfield code="a">Amor en la literatura</subfield>
    <subfield code="x">Literatura </subfield>
    <subfield code="9">43100</subfield>
  </datafield>
  <datafield tag="942" ind1=" " ind2=" ">
    <subfield code="2">ddc</subfield>
    <subfield code="c">BK</subfield>
  </datafield>
  <datafield tag="999" ind1=" " ind2=" ">
    <subfield code="c">30480</subfield>
    <subfield code="d">16864</subfield>
  </datafield>
  <datafield tag="952" ind1=" " ind2=" ">
    <subfield code="0">0</subfield>
    <subfield code="1">0</subfield>
    <subfield code="4">0</subfield>
    <subfield code="7">0</subfield>
    <subfield code="a">CPL</subfield>
    <subfield code="b">CPL</subfield>
    <subfield code="c">FIC</subfield>
    <subfield code="d">2023-11-30</subfield>
    <subfield code="e">Donaci&#xF3;n </subfield>
    <subfield code="l">2</subfield>
    <subfield code="o">A-N SPAa</subfield>
    <subfield code="p">201811853</subfield>
    <subfield code="r">2024-04-04 00:00:00</subfield>
    <subfield code="s">2024-04-03</subfield>
    <subfield code="t">Ej. 1 </subfield>
    <subfield code="w">2023-12-19</subfield>
    <subfield code="y">BK</subfield>
  </datafield>
</record>
